00661nam a2200157 a 450000100100000000500170001000800410002704000250006808200140009324500490010726001170015630000360027349000360030950001220034583000360046700001925120200929165948.0100528s1970 ag ac r 000 0 spa d aDO-SdBNPbspacBNPHU axxxbM29400aManual de desarrollo de las áreas remotas. aBuenos Aires, Argentina :bCentro Regional de Ayuda Técnica :bAgencia para el Desrrollo Internacional,c1970. a670 p. :bil., retrs. ;c20 cm.1 aColección América en letras aEn la portada: recopilado por el personal de campaña del Community Development Counselling Service, INC. (C.D.C.S.) 0aColección América en letras